ბათუმის შოთა რუსთაველის სახელმწიფო უნივერსიტეტის ბიბლიოთეკა

Детская практическая психология. (ბიბ.ჩანაწერი № 35420)

000 -LEADER
fixed length control field 00737nam a2200253Ia 4500
001 - CONTROL NUMBER
control field 1275
003 - CONTROL NUMBER IDENTIFIER
control field GE_BSU
008 - FIXED-LENGTH DATA ELEMENTS--GENERAL INFORMATION
fixed length control field 181216s||||||||xx |||||||||||||| ||und||
020 ## - INTERNATIONAL STANDARD BOOK NUMBER
International Standard Book Number 5829700387
040 ## - CATALOGING SOURCE
Transcribing agency GE_BSU
080 ## - UNIVERSAL DECIMAL CLASSIFICATION NUMBER
Universal Decimal Classification number 159.922.7(075.8)
245 ## - TITLE STATEMENT
Title Детская практическая психология.
245 ## - TITLE STATEMENT
Remainder of title Учебник для студ. высш.учеб.завед.
245 ## - TITLE STATEMENT
Statement of responsibility, etc. Ред:Марцинковской ;Т.Д.
260 ## - PUBLICATION, DISTRIBUTION, ETC.
Place of publication, distribution, etc. Москва
260 ## - PUBLICATION, DISTRIBUTION, ETC.
Name of publisher, distributor, etc. Гардарики
260 ## - PUBLICATION, DISTRIBUTION, ETC.
Date of publication, distribution, etc. 2005
300 ## - PHYSICAL DESCRIPTION
Extent 253 с. 19 см.
653 ## - INDEX TERM--UNCONTROLLED
Uncontrolled term Детская психология.
653 ## - INDEX TERM--UNCONTROLLED
Uncontrolled term Психология
653 ## - INDEX TERM--UNCONTROLLED
Uncontrolled term ფსიქოლოგია
942 ## - ADDED ENTRY ELEMENTS (KOHA)
Koha item type წიგნი
ეგზემპლარები
Withdrawn status Lost status Damaged status Not for loan Date acquired Barcode Date last seen Price effective from Koha item type Public note
        2018-12-17 2927 2018-12-17 2018-12-17 წიგნი დარბაზი